Beyond farmer first : (Registro nro. 5626)

Detalles MARC
000 -CABECERA
Campo de control 00832nam a2200229 a 4500
005 - FECHA Y HORA DE LA ULTIMA TRANSACCION
Campo de control 20200104041600.0
008 - ELEMENTOS DE LONGITUD FIJA—INFORMACION GENERAL
Campo de control 160205t1994 enk fr|||| 001 0 eng d
020 ## - ISBN
ISBN 1853392502
040 ## - FUENTE DE CATALOGACIÓN
Agencia catalogadora original CO-BoIAVH
Agencia transcriptora CO-BoIAVH
041 0# - IDIOMA
Código de idioma para texto/pista de sonido o título separado Inglés
044 ## - PAÍS DE PUBLICACIÓN
País de publicación Inglaterra
082 04 - NUMERO DE CLASIFICACION DECIMAL DEWEY
Número de clasificación 306.364
Número del ítem B48b
245 00 - MENCION DE TITULO
Título Beyond farmer first :
Parte restante del título rural people's knowledge, agricultural research and extension practice /
Mención de responsabilidad Edited by Ian Scoones and Jhon Thompson with a foreword by Robert Chambers
260 ## - PUBLICACION, DISTRIBUCION, ETC. (PIE DE IMPRENTA)
Lugar de publicación, distribución, etc. London :
Nombre del editor, distribuidor, etc. International Institute for Environment and Development,
Fecha de publicación, distribución, etc. 1994.
300 ## - DESCRIPCION FISICA
Extensión 301 páginas ;
Dimensiones 23 x 15 cm.
650 16 - ASIENTO SECUNDARIO DE MATERIA - TERMINO TEMATICO
Término temático o nombre geográfico como elemento de entrada Desarrollo agrícola
9 (RLIN) 57120
650 26 - ASIENTO SECUNDARIO DE MATERIA - TERMINO TEMATICO
Término temático o nombre geográfico como elemento de entrada Agricultura
9 (RLIN) 304
700 1# - ASIENTO SECUNDARIO - NOMBRE PERSONAL
Nombre personal Scoones, Ian
Término de relación Editor
9 (RLIN) 32515
700 1# - ASIENTO SECUNDARIO - NOMBRE PERSONAL
Nombre personal Thompson, John
Término de relación Editor
9 (RLIN) 57122
700 1# - ASIENTO SECUNDARIO - NOMBRE PERSONAL
Nombre personal Chambers, Ian
Término de relación Editor
9 (RLIN) 57123
942 ## - ELEMENTOS ADICIONALES (KOHA)
Tipo de ítem Libro
Sistema de clasificación Dewey Decimal Classification
Existencias
Withdrawn status Lost status Sistema de Clasificación Damaged status No para préstamo Colección Inventariado Ubicación Permanente Ubicación actual Fecha de adquisición Fuente de Valor Valor Total Checkouts Número topográfico Inventario / Código de Barras Date last seen Ejemplar Price effective from Forma de adquisición Tipo de material
    Dewey Decimal Classification     General Inventariado 2017 Bogotá Bogotá 19/06/2007 Instituto 39000.00   LB-306.364 B48b 024528 04/12/2012 Ej.1 04/12/2012   Libro